000
00321nam a22001337a 4500
008
181217b xxu||||| |||| 00| 0 eng d
020
_a
9780735524286
041
_a
eng
080
_2
2nd
_a
341
100
_a
15
101
_a
SHJ
245
_a
Constitutional Law Principles and Policies
_c
Chemerinsky,E
942
_2
udc
_c
BK
999
_c
53134
_d
53134